El mundo paralelo de la sociedad virtual /
El presente artículo académico pretende analizar a grandes rasgos el paradigma construido sobre la representación de la sociedad virtual en la cual conviven dos tipos de usuarios: los nativos (millennials) y los migrantes digitales. Para ello se muestra un contraste entre la publicidad global y loca...
Saved in:
| Main Author: | |
|---|---|
| Format: | Book |
| Language: | Spanish |
| Subjects: | |
| Tags: |
Add Tag
No Tags, Be the first to tag this record!
|
MARC
| LEADER | 00000nam a22000007a 4500 | ||
|---|---|---|---|
| 003 | cru CIDCACS/IIS | ||
| 005 | 20190213062530.0 | ||
| 007 | ta | ||
| 008 | 170831s2016 es |||p|r|||| 00| 0 spa d | ||
| 999 | |c 40361 |d 40361 | ||
| 040 | |c cru CIDCACS/IIS | ||
| 100 | 1 | |9 5452 |a Ulin Alberto, María José | |
| 245 | 1 | 3 | |a El mundo paralelo de la sociedad virtual / |c María José Ulin Alberto |
| 300 | |a páginas 85-100: |b ilustraciones | ||
| 520 | |a El presente artículo académico pretende analizar a grandes rasgos el paradigma construido sobre la representación de la sociedad virtual en la cual conviven dos tipos de usuarios: los nativos (millennials) y los migrantes digitales. Para ello se muestra un contraste entre la publicidad global y local contemporánea de enseres y servicios tecnológicos en línea. La hipótesis de este artículo supone a la publicidad como una mediación entre la manera de entender el mundo y la manera de construirlo. Es en esta construcción de mundo que la publicidad pretende mostrar un nuevo paradigma de sociedad: una sociedad altamente tecnificada, civilizada y en ocasiones perfecta. Sin embargo, el análisis discursivo del mensaje publicitario brinda connotaciones de una sociedad cimentada en una estructura ortodoxa, conservadora y mítica, en la cual los enseres y servicios tecnológicos solamente son un elemento cosmético de la cibercultura. KDV/130917 | ||
| 650 | 1 | 0 | |a SOCIEDAD DE LA INFORMACION |9 2090 |
| 650 | 1 | 0 | |a NUEVA TECNOLOGIA |9 1727 |
| 650 | 1 | 0 | |9 10 |a MEDIOS DE COMUNICACION DE MASAS |
| 650 | 0 | |9 5431 |a PARADIGMAS | |
| 650 | 1 | 0 | |9 3067 |a PUBLICIDAD |
| 650 | 1 | 0 | |9 8 |a ANALISIS DE CONTENIDO |
| 773 | 0 | |0 40343 |9 1224 |a Universidad Centroamericana José Simeón Cañas. |d El Salvador: Universidad Centroamericana José Simeón Cañas. Facultad de Ciencias Sociales y Humanidades |o 19019 |t Realidad: |x 10125515 | |
| 942 | |2 ddc |c PP | ||
